000 00322nam a2200109Ia 4500
008 171204s9999 xx 000 0 und d
245 _aProfessional Web Design: Techniques And Templates:
245 _cClint Eccher
260 _c2014
650 _xWeb Design
856 _uhttp://down.ebook777.com/013/ProWebDesTecAndTem.pdf
999 _c345989
_d345989